¿Qué ciudad en Canarias? - Estadísticas

Estadísticas generales
  • Esta prueba ha sido intentada 69 veces
  • La puntuación promedio es 14 de 26
Estadísticas de respuestas
Pista Inicial Respuesta % Correcto
Alberga varias localidades turísticas (Playa de las Américas, Los Cristianos, Costa del Silencio, etc.) A Arona
80%
Es conocido por su iglesia neogótica y su ron A Arucas
72%
Es un centro de peregrinación al albergar a la Patrona de Canarias C Candelaria
72%
Tiene a su casco histórico catalogado como Patrimonio de la Humanidad L San Cristóbal de La Laguna
70%
Se le conoce a sus habitantes como «chicharreros» S Santa Cruz de Tenerife
70%
Alberga un ejemplar de drago existente desde tiempos aborígenes I Icod de los Vinos
68%
Tiene una de las playas urbanas mejor valoradas de la Unión Europea (Las Canteras) P Las Palmas de Gran Canaria
64%
Fue la última parada de la expedición de Cristóbal Colón en 1492 antes de llegar a América S San Sebastián de La Gomera
64%
Es también un nombre de mujer habitual en Canarias Y Yaiza
64%
Destaca por tener un importante puerto de pasajeros A Agaete
60%
Es conocido por su chorizo T Teror
60%
Contiene una laguna marina y unas formaciones rocosas en su litoral que le dan nombre A Arrecife
54%
Alberga los Jameos del Agua y la Cueva de los Verdes H Haría
54%
Fue el primer núcleo turístico del archipiélago en el siglo XIX P Puerto de la Cruz
54%
Es la cuna de futbolistas como David Silva o Juan Carlos Valerón M Mogán
52%
Es conocido por los balcones de colores presentes en su avenida marítima S Santa Cruz de La Palma
52%
Fue uno de los principales puertos de Canarias hasta la erupción volcánica de 1706 G Garachico
50%
Pasó de ser un pequeño asentamiento de 500 habitantes en 1900 a ser el principal núcleo urbano de su isla P Puerto del Rosario
50%
Es el más grande de Canarias y es al que pertenece la península de Jandía P Pájara
46%
Debe su nombre a las haciendas azucareras del siglo XVI I Ingenio
44%
Comparte nombre con una ciudad situada en la frontera entre México y EEUU P El Paso
40%
Fue el primer asentamiento colonial de Canarias B Betancuria
38%
Es el más joven de Canarias, siendo creado en 2007 P El Pinar
36%
Alberga el Roque Nublo, el Roque Bentayga, y el Pico de las Nieves T Tejeda
36%
Tiene su capital a mayor altura V Vilaflor
34%
Declaró su independencia de España en 1925 durante tres días T Tazacorte
32%
No se encontraron pruebas coincidentes
Distribución de puntuación
Porcentaje de gente con cada puntuación
Porcentaje por número respondido
Historial de tus puntuaciones
No has intentado esta prueba.